Catalog

Record Details

Catalog Search



Still me  Cover Image Large Print Book Large Print Book

Still me / Jojo Moyes.

Moyes, Jojo, 1969- (author.).

Summary:

Louisa Clark arrives in New York ready to start a new life, confident that she can embrace this new adventure and keep her relationship with Ambulance Sam alive across several thousand miles. She is thrown into the world of the superrich Gopniks: Leonard and his much younger second wife, Agnes, and a never-ending array of household staff and hangers-on. Lou is determined to get the most out of the experience and throws herself into her job and New York life within this privileged world. Before she knows what's happening, Lou is mixing in New York high society, where she meets Joshua Ryan, a man who brings with him a whisper of her past. In Still Me, as Lou tries to keep the two sides of her world together, she finds herself carrying secrets--not all her own--that cause a catastrophic change in her circumstances. And when matters come to a head, she has to ask herself Who is Louisa Clark? And how do you reconcile a heart that lives in two places?

Record details

  • ISBN: 9780525589273
  • ISBN: 0525589279
  • ISBN: 9781635461671
  • ISBN: 1635461677
  • Physical Description: 594 pages (large print) ; 24 cm.
  • Edition: First large print edition.
  • Publisher: [New York] : Random House Large Print, ©2018.
Subject: Young women > Fiction.
Man-woman relationships > Fiction.
Rich people > Fiction.
Long-distance relationships > Fiction.
Life change events > Fiction.
New York (N.Y.) > Fiction.
Genre: Romance fiction.
Domestic fiction.
Large type books.

Available copies

  • 1 of 1 copy available at scottsboropl.

Holds

  • 0 current holds with 1 total copy.
Show Only Available Copies
Location Call Number / Copy Notes Barcode Shelving Location Status Due Date
scottsboropl F Moy 32269001045593 Adult - Fiction Available -

LDR 02520nam a2200481Ii 4500
001145761
003CONS
00520180222071348.0
007tb
008170720t20182018nyu ed 000 1 eng d
020 . ‡a9780525589273 ‡q(large print : paperback)
020 . ‡a0525589279 ‡q(large print : paperback)
020 . ‡a9781635461671
020 . ‡a1635461677
035 . ‡a(CPomAG)LMN604239
043 . ‡an-us-ny
05014. ‡aPR6113.O94 ‡bS75 2018b
08204. ‡a823/.92 ‡223
1001 . ‡aMoyes, Jojo, ‡d1969- ‡eauthor.
24510. ‡aStill me / ‡cJojo Moyes.
2461 . ‡iSubtitle from cover : ‡aa novel
250 . ‡aFirst large print edition.
264 1. ‡a[New York] : ‡bRandom House Large Print, ‡c©2018.
300 . ‡a594 pages (large print) ; ‡c24 cm.
336 . ‡atext ‡btxt ‡2rdacontent
337 . ‡aunmediated ‡bn ‡2rdamedia
338 . ‡avolume ‡bnc ‡2rdacarrier
340 . ‡nlarge print ‡2rda
4901 . ‡aMe before you ; ‡v3.
520 . ‡aLouisa Clark arrives in New York ready to start a new life, confident that she can embrace this new adventure and keep her relationship with Ambulance Sam alive across several thousand miles. She is thrown into the world of the superrich Gopniks: Leonard and his much younger second wife, Agnes, and a never-ending array of household staff and hangers-on. Lou is determined to get the most out of the experience and throws herself into her job and New York life within this privileged world. Before she knows what's happening, Lou is mixing in New York high society, where she meets Joshua Ryan, a man who brings with him a whisper of her past. In Still Me, as Lou tries to keep the two sides of her world together, she finds herself carrying secrets--not all her own--that cause a catastrophic change in her circumstances. And when matters come to a head, she has to ask herself Who is Louisa Clark? And how do you reconcile a heart that lives in two places?
650 0. ‡aYoung women ‡vFiction.
650 0. ‡aMan-woman relationships ‡vFiction.
650 0. ‡aRich people ‡vFiction.
650 0. ‡aLong-distance relationships ‡vFiction.
650 0. ‡aLife change events ‡vFiction.
651 0. ‡aNew York (N.Y.) ‡vFiction.
655 7. ‡aRomance fiction. ‡2lcgft
655 7. ‡aDomestic fiction. ‡2lcgft
655 0. ‡aLarge type books.
8001 . ‡aMoyes, Jojo, ‡d1969- ‡tMe before you ; ‡v3.
914 . ‡aSCP_kt
959 . ‡i32269001045593 ‡lF Moy ‡aAdult - Fiction ‡tFiction ‡g29.00
852 . ‡p32269001045593 ‡jF Moy ‡gAdult - Fiction ‡cFiction ‡y29.00 ‡bSBPL
901 . ‡a145761 ‡bUnknown ‡c145761 ‡tbiblio

Additional Resources